00353pab a2200133 454500008004000000100002000040245005200060260000900112300001300121362001100134650002900145650001800174773002700192180718b1997 xxu||||| |||| 00| 0 eng d aDuffy, Diane M. aAn assessment of health policy reform in Russia c1997 ap.535-56 aWinter aHealth services - Russia aHealth policy aPolicy Studies Journal